00559nam a2200169Ia 4500003000400000008004100004020001500045040001600060082002000076100002000096245006300116700002100179260006800200300003400268650004900302650003800351GCL140319s9999 xx 000 0 eng d a087935111X aGCL / cGCL04a917.554252bO O1 aOLMERT, MICHAEL10aOFFICIAL GUIDE TO COLONIAL WILLIAMBURG / cOLMERT, MICHAEL1 aTURNER, PETER C. aنيويورك : bTHE COLONIAL WILLIAMS BURG FOUNDER ، c1985 a159 PbILL., MAPS ؛ c25 cm.04aWILLIAMSBURG ( VA ) - DESCRIPTION AND TRAVEL04aWILLIAMSBURG ( VA ) - GUIDE BOOKS